01322nam a22002777a 450000500170000000800410001702000180005804100080007604400070008408200190009110000420011024501700015226000560032230000360037849000350041450400580044965000540050765000620056165000660062365000580068965000520074765000450079994200150084499900150085995201700087420140829164930.0140711s2013 ck a gr 00010 spa d a9789587616446 aspa ack04a338.2328bH55p1 aHernández-R., Luis Humberto.92619413aLa política petrolera en América Latina: 1970-2010 : blos casos de México y Venezuela, Argentina y Brasil, Colombia y Bolivia / cLuis Humberto Hernández R. aBogotábUniversidad Nacional de Colombia, c2013. a190 p.bil., gráficasc23 cm.1 aColección Gerardo Molinav40 aIncluye referencias bibliográficas (pág. 177-188) 4aPolítica petrolerazColombiay1970-2010.926195 4aPolítica petrolerazAmérica Latinay1970-2010.926196 4aIndustria del petróleozAmérica Latinay1970-2010.926197 4aIndustria del petróleozColombiay1970-2010.926198 4aReservas de petróleozAmérica Latina926199 4aReservas de petróleozColombia.926200 2ddccLIBRO c8636d8636 00102ddc40708GENERALIINV2017aBogotabBogotad2014-08-29eInstitutog39000.00l0oLB-338.2328 H55pp038277r2014-08-29 00:00:00tEj. 1w2014-08-29xCanjeyLIBRO